| 000 | 00528nam a2200181Ia 4500 | ||
|---|---|---|---|
| 008 | 100921s9999 xx 000 0 und d | ||
| 082 |
_b12878 _a891.463 थ 74 |
||
| 100 | _aकदम बाबा. | ||
| 245 | _aभालू. | ||
| 260 |
_bदुर्गा प्रकाशन, मंुबई. _c1974 |
||
| 300 |
_a226 _b--- |
||
| 365 | _b20 | ||
| 520 | _aललित-कादंबरी. | ||
| 630 | _aभालू. | ||
| 650 | _aललित-कादंबरी. | ||
| 730 | _aभालू. | ||
| 942 | _cBOOK | ||
| 999 |
_c761991 _d761988 |
||